00553nam a2200169 450000500170000001000150001702000260003203500150005803700130007308200120008610000230009824500810012126000460020227000650024830000200031350000500033320190607161432.0 aENG-125509 a9780199495214c950.00 aEN-109041  bDBAD/PUB a363.325 aFair, C. Christine aIn their own words :cby C.Christine Fairbunderstanding Lashkar-e-Tayyaba / aNew DelhibOxford University Press c2019 a2/11 Ground FloorbAnsari Road, Daryaganj, New Delhie110002 a307p.c22cm(Hb) aIncludes bibliographical references and index